|
|
|
|
| LEADER |
00845cam a2200241 7i4500 |
| 001 |
0000036460 |
| 005 |
20210215090000.0 |
| 007 |
##ta |
| 008 |
210111s2020 si ob 000 0 eng d |
| 020 |
# |
# |
|a 9789811521904
|
| 040 |
# |
# |
|a MATR
|
| 090 |
0 |
0 |
|a ASIA 338.473621
|b TRA
|
| 245 |
0 |
0 |
|a Trade in Health Services in South Asia :
|b An Examination of the Need for Regional Cooperation
|c Arindam Banik, Editor.
|
| 264 |
# |
1 |
|a Singapore:
|b Springer,
|c 2020.
|
| 300 |
# |
# |
|a xx, 139 pages;
|c 24 cm.
|
| 336 |
# |
# |
|a text
|2 rdacontent
|
| 337 |
# |
# |
|a unmediated
|2 rdamedia
|
| 338 |
# |
# |
|a volume
|2 rdacarrier
|
| 504 |
# |
# |
|a Includes bibliographical references
|
| 650 |
# |
0 |
|a Medical tourism --
|z South Asia
|
| 650 |
# |
0 |
|a Medical tourism --
|x Law and legislation --
|z South Asia
|
| 700 |
1 |
# |
|a Banik, Arindam
|
| 999 |
|
|
|a B000041235
|b Book
|c Regions
|e Business Information Centre
|